Statystyki dla Trudny Quiz o Zimnej Wojnie - Świat,Daty

Kliknij tutaj aby rozwiązać quiz!

Ogólne statystyki

  • Ten quiz został rozwiązany 26 razy
  • Średni wynik to 32 z 49

Statystyki odpowiedzi

HintOdpowiedź% Poprawnych
Lądowanie Apollo 11 na Złotym Globie1969
89%
Konferencja Poczdamska17.07. - 02.08. 1945
84%
Praska Wiosna1968
84%
Upadek Wietnamu Południowego1975
84%
Ronald Reagan zostaje prezydentem USA1981
84%
Katastrofa w Czarnobylu1986
84%
Powstanie 2 Państw Niemieckich1949
79%
Wojna Koreańska1950 - 1953
79%
Wojna w Wietnamie1955 - 1975
79%
Rewolucja na Węgrzech1956
79%
Upadek ZSRS1991
79%
Śmierć Józefa Stalina05.03.1953
74%
Wojna Domowa na Kubie1953 - 1959
74%
Protesty na Placu Tian'anmen1989
74%
Wojna o Niepodległość Izraela1947 - 1949
68%
II Sobór Watykański1962 - 1965
68%
Kryzys Sueski29.10 -06.11. 1956
68%
Zamach i przejęcie władzy w Chile przez juntę wojskową pod przywództwem Augusto Pinocheta11.09.1973
63%
Indie oraz Pakistan Uzyskują Niepodległość1947
63%
Rok Afryki1960
63%
II Kryzys Berliński1961
63%
Kryzys Kubański1962
63%
Wojna Sześciodniowa1967
63%
Wojna Jom Kippur1973
63%
Zabójstwo Premiera Włoch Aldo Moro1978
63%
Wybuch I intifady1987
63%
Powstanie ONZ24.10.1945
63%
Powstanie Europejskiej Wspólnoty Energi Atomowej01.01.1957
58%
Gagarin - pierwszy człowiek w kosmosie12.04.1961
58%
Porozumienie w Camp David17.09.1978
58%
Powstanie Państwa Izrael1948
58%
I Kryzys Berliński1948 - 1949
58%
Powstanie Czerwcowe w Berlinie1953
58%
Bitwa pod Dien Bien Phu1954
58%
Powstanie Układu Warszawskiego1955
58%
Interwencja Amerykańska w Wietnamie1965 - 1973
58%
Lata ołowiu we włoszech1968 - 1988
58%
Rewolucja Islamska w Iranie1979
58%
Porozumienie w Oslo1993
58%
Nelson Mandela prezydentem RPA - zakończenie polityki apartheidu w RPA1994 - 1999
58%
Protesty Robotnicze w Pilźnie01.06.1953
53%
Powstanie Chińskiej Republiki Ludowej01.10.1949
53%
Powstanie NATO04.04.1949
53%
Nieudany Desant w Zatoce Świń17.04. - 20.04. 1961
53%
Powstanie Europejskiej Wspólnoty Węgla i Stali1951
53%
Powstanie Europejskiej Wspólnoty Gospodarczej1957
53%
Walentina Tiereszkowa jako pierwsza kobieta poleciała w kosmos1963
53%
Powstanie Rady Wzajemnej Pomocy Gospodarczej25.01.1949
53%
Rozejm w Panmundżom27.07.1953
53%

Rozkład punktacji

Percentyl według liczby udzielonych odpowiedzi

Procent ludzi z każdym wynikiem

Twoja historia wyników

Nie rozwiązałeś tego quizu